01144cam a22002531 4500001001300000003000400013005001700017008004100034010001700075035002000092040003400112042001200146050001600158100002400174245004000198250002500238260003800263300002300301500013400324504003100458505032600489650006000815999001500875af 48004031 DLC20260227110905.0850911s1944 gw b 000 0 ger c aaf 48004031  a(OCoLC)12536132 aYale Univ. LibrarycTxHRdDLC apremarc00aPT403b.M821 aMulot, Arno,d1904-14aDie deutsche Dichtung unserer Zeit. a2., erweiterte Aufl. aStuttgart,bJ. B. Metzler,c1944. aix, 578 p.c23 cm. a"Im Jahre 1937 erschlen das erste, im Jahre 1942 das abschliessende Heft dieser Darstellung der deutschen Dichtung unserer Zeit." aBibliographical footnotes.0 aDer Soldat in der deutschen Dichtung unserer Zeit.--Der Bauer in der deutschen Dichtung unserer Zeit.-- Der Arbeiter in der deutschen Dichtung unserer Zeit.-- Das Reich in der deutschen Dichtung unserer Zeit.-- Das Volk in der deutschen Dichtung unserer Zeit.-- Welt- und Gottschau in der deutschen Dichtung unserer Zeit. 0aGerman literaturey20th centuryxHistory and criticism. c5876d5876